Automatizace

Saved in:
Bibliographic Details
Format: Serial
Published: 1989
Tags: Add Tag
No Tags, Be the first to tag this record!

MARC

LEADER 00000nas a22000003a 4500
001 stu65091
005 20141122000011.2
008 011106s1989----------------------------d
040 |a STU  |b slo 
041 0
245 |a Automatizace 
260 |c 1989 
500 |a 1-12 
500 |a 12 
773 0 |t Automatizace :  |w stu_us_cat*stu58785  |x 0005-125X  |7 nnas 
996 |d Roč. 32, č. 2, 1989  |v Roč. 32  |i č. 2  |y 1989  |l EE0103  |s A  |a 24  |w stu65091_0001 
996 |d Roč. 32, č. 2, 1989  |v Roč. 32  |i č. 2  |y 1989  |l II680  |s A  |a 24  |w stu65091_0004